| 000 | 00398nam a22001577a 4500 | ||
|---|---|---|---|
| 003 | SGT | ||
| 020 | _a9354511384 | ||
| 082 |
_a615.190 _bA22R |
||
| 100 | _aRAYAJI, ASHWINI | ||
| 245 | _a A TEXT BOOK OF ADVANCED INSTRUMENTATION TECHNIQUES | ||
| 260 |
_aPUNE _bNIRALI PRAKASHAN _c2022 |
||
| 300 | _a5.10 | ||
| 650 | _aPHARMACY | ||
| 653 | _aADVANCED, INSTRUMENTATION, TECHNIQUES | ||
| 942 |
_2ddc _cBK |
||
| 999 |
_c27097 _d27097 |
||